Matematika pre 2. ročník ZŠ metodické poznámky 2. časť

Podrobná bibliografia
Hlavní autori: Černek, Pavol, 1952- (Autor), Repáš, Vladimír (Autor)
Médium: Kniha
Jazyk:slovenčina
Fyzický popis:24 s. 21 cm
Vydavateľské údaje: Bratislava Orbis Pictus Istropolitana 1996
ISBN:8071580910
Predmet:

MARC

LEADER 00000nam a2200000 a 4500
001 vtls001208281
003 SK-MaSNL
005 20260301094615.0
008 240318s1996 xo r slo
015 |a SNBA1996/0601680 
020 |a 8071580910 
035 |a SNK000151351 
035 |a urn:nbn:sk:snk-am3h7ai 
035 |a 1F113F8E-2E3C-41B0-8227-F469BEC2EA14 
035 |a urn:nbn:sk:snk-am001610 
040 |a SNK  |b slo  |c SNK  |e AACR2 
041 0 |a slo 
044 |a xo  |c SK 
080 |a 371.3:372.47(072)  |2 1981 
080 |a 372.47(072)  |2 1981 
100 1 |a Černek, Pavol,  |d 1952-  |4 aut  |9 7554 
245 1 0 |a Matematika pre 2. ročník ZŠ  |b metodické poznámky  |n 2. časť  |c Pavol Černek, Vladimír Repáš 
260 |a Bratislava  |b Orbis Pictus Istropolitana  |c 1996 
300 |a 24 s.  |c 21 cm 
650 0 7 |a matematika  |2 SNKPH  |9 70174 
650 0 7 |a didaktika matematiky  |2 SNKPH  |9 13223 
655 7 |a príručky  |2 SNKPH  |9 74364 
700 1 |a Repáš, Vladimír  |4 aut  |9 213413 
919 |a 80-7158-091-0 
958 |a TL 
958 |a UO 
958 |a BQ 
999 |c 680784  |d 682714 
952 |t P60, <09>, [BOOK], {629}  |a SNK  |b SNK  |y NEVYP  |7 0  |o snkC 737  |i snk1407/960418  |0 0  |1 0  |4 0  |d 1996-04-16  |l 0  |r 2005-01-01 00:00:00  |w 2026-02-23 
952 |t P60, <03>, [BOOK], {603}  |a SNK  |b SNK  |y PREZ  |7 0  |p 17A0002507  |o snkSC 89279/2  |i snkKSP 3612/96  |0 0  |1 0  |4 0  |d 1996-04-16  |f 1  |l 0  |r 2025-09-08 00:00:00  |w 2026-02-23 
952 |t P60, <04>, [BOOK], {604}  |a SNK  |b SNK  |y VYP  |7 0  |p 17A0002508  |o snkSC 89279/2 D1  |i snkKSP 3613/96  |0 0  |1 0  |4 0  |d 1996-04-16  |l 0  |r 2005-01-01 00:00:00  |w 2026-02-23